Compendio de Derecho disciplinario español (Record no. 69544)

MARC details
000 -LEADER
campo de control de longitud fija 00531nam a2200157 i 4500
001 - NÚMERO DE CONTROL
campo de control 69544
003 - IDENTIFICADOR DE NÚMERO DE CONTROL
campo de control ES-MaACL
005 - FECHA Y HORA DE LA ÚLTIMA TRANSACCIÓN
campo de control 20230906170538.0
007 - CAMPO FIJO DE DESCRIPCIÓN FÍSICA--INFORMACIÓN GENERAL
campo de control de longitud fija t|
008 - DATOS DE LONGITUD FIJA--INFORMACIÓN GENERAL
campo de control de longitud fija 040707s1956 sp ||||1| spa d
100 1# - ENTRADA PRINCIPAL--NOMBRE DE PERSONA
Nombre de persona García y Domínguez, Ulpiano R.
9 (RLIN) 55428
245 10 - MENCIÓN DEL TÍTULO
Título Compendio de Derecho disciplinario español
Resto del título : los expendientes de corrección disciplinaria /
Mención de responsabilidad, etc. Ulpiano R. García y Domínguez.
260 ## - PUBLICACIÓN, DISTRIBUCIÓN, ETC.
Lugar de publicación, distribución, etc. Madrid :
Nombre del editor, distribuidor, etc. [s.n.,
Fecha de publicación, distribución, etc. 1956] (
Fabricante Imp. Murillo)
300 ## - DESCRIPCIÓN FÍSICA
Extensión 124 p. ;
Dimensiones 22 cm.
852 ## - LOCALIZACIÓN
Ubicación ES-MaACL
Número de control de estantería C-10316
Sublocalización o colección R.38539
Holdings
Estatus retirado Estado de pérdida Estado de daño No para préstamo Biblioteca de origen Biblioteca actual Ubicación en estantería Fecha de adquisición Fuente de adquisición Total de préstamos Signatura topográfica completa Código de barras Visto por última vez Precio de reemplazo Tipo de ítem Koha
        Biblioteca del Ateneo de Madrid Biblioteca del Ateneo de Madrid Sala Palomar 17/01/2008     C-10316 1072822 23/02/2023 23/02/2023 Libro impreso